[Event "BCF-chT4 0607 (4NCL)"]
[Site "Sunningdale"]
[Date "2006.12.03"]
[Round "4.2"]
[White "Thompson, Brian"]
[Black "Scarry, Herbert"]
[Result "1-0"]
[WhiteElo "2000"]
[BlackElo "1812"]
[PlyCount "57"]
[EventDate "2006.09.16"]
[EventType "team"]
[EventRounds "11"]
[EventCountry "ENG"]
[SourceTitle "EXT 2008"]
[Source "ChessBase"]
[SourceDate "2007.11.25"]
[SourceVersion "1"]
[SourceVersionDate "2007.11.25"]
[SourceQuality "1"]
[WhiteTeam "Notts II"]
[BlackTeam "SC Stars"]
[WhiteTeamCountry "ENG"]
[BlackTeamCountry "ENG"]

1. d4 d5 2. Nf3 Nf6 3. e3 g6 4. Bd3 Bg7 5. Nbd2 Nbd7 6. b3 0-0 7. Bb2 b6 8. Qe2 Bb7 9. 0-0 c5 10. Ne5 Rc8 11. f4 Ne4 12. Nxe4 dxe4 13. Bc4 e6 14. Rad1 Nxe5 15. dxe5 Qc7 16. Rd6 Rfd8 17. Rfd1 Bf8 18. Qd2 Be7 19. Qc3 Kf8 20. g4 a6 21. f5 b5 22. fxe6 bxc4 23. Rf1 f6 24. Rxd8+ Rxd8 25. exf6 Bd6 26. e7+ Bxe7 27. fxe7+ Kxe7 28. Qg7+ Kd6 29. Rf6+ 1-0

[Event "BCF-chT4 0607 (4NCL)"]
[Site "Sunningdale"]
[Date "2006.12.02"]
[Round "3.4"]
[White "Scarry, Herbert"]
[Black "Alcock, Graham P"]
[Result "1-0"]
[WhiteElo "1812"]
[BlackElo "1935"]
[PlyCount "71"]
[EventDate "2006.09.16"]
[EventType "team"]
[EventRounds "11"]
[EventCountry "ENG"]
[SourceTitle "EXT 2008"]
[Source "ChessBase"]
[SourceDate "2007.11.25"]
[SourceVersion "1"]
[SourceVersionDate "2007.11.25"]
[SourceQuality "1"]
[WhiteTeam "SC Stars"]
[BlackTeam "Coventry"]
[WhiteTeamCountry "ENG"]
[BlackTeamCountry "ENG"]

1. c4 Nf6 2. g3 g6 3. Bg2 Bg7 4. Nc3 0-0 5. e4 e5 6. Nge2 c5 7. 0-0 Nc6 8. Rb1 d6 9. d3 a6 10. a3 Bd7 11. b4 b6 12. h3 Qc8 13. Kh2 Rb8 14. f4 Ne7 15. Be3 Nc6 16. Qd2 Nd4 17. f5 Kh8 18. g4 gxf5 19. exf5 Bc6 20. Nd5 Bxd5 21. cxd5 Ng8 22. Ng3 f6 23. Be4 Qd7 24. g5 Rfc8 25. b5 axb5 26. g6 b4 27. axb4 Ra8 28. gxh7 Ne7 29. Bh6 Qe8 30. Rg1 Bf8 31. Bxf8 Qxf8 32. Nh5 Qf7 33. Qh6 Rf8 34. Rg8+ Nxg8 35. hxg8Q+ Kxg8 36. Rg1+ 1-0

[Event "BCF-chT4 0607 (4NCL)"]
[Site "Sunningdale"]
[Date "2006.09.23"]
[Round "1.6"]
[White "Scarry, Herbert"]
[Black "Arghandewal, Aryan"]
[Result "1-0"]
[WhiteElo "1812"]
[BlackElo "1735"]
[PlyCount "81"]
[EventDate "2006.09.16"]
[EventType "team"]
[EventRounds "11"]
[EventCountry "ENG"]
[SourceTitle "CBM 115 Extra"]
[Source "ChessBase"]
[SourceDate "2007.01.10"]
[SourceVersion "1"]
[SourceVersionDate "2007.01.10"]
[SourceQuality "1"]
[WhiteTeam "SC Stars"]
[BlackTeam "Guildford V"]
[WhiteTeamCountry "ENG"]
[BlackTeamCountry "ENG"]

1. c4 Nf6 2. g3 e6 3. Nf3 Nc6 4. Bg2 Bc5 5. 0-0 e5 6. e3 0-0 7. d4 exd4 8. exd4 Be7 9. d5 Nb8 10. Nc3 d6 11. h3 Nbd7 12. Re1 b6 13. Nd4 Bb7 14. f4 a5 15. g4 Nc5 16. g5 Nfd7 17. Nf5 Re8 18. Qd4 Bf8 19. Bd2 g6 20. Rxe8 Qxe8 21. Re1 Qd8 22. Nh6+ Bxh6 23. gxh6 Qf6 24. Qxf6 Nxf6 25. Nb5 Ne8 26. Bc3 Kf8 27. Re3 f5 28. Nd4 Kf7 29. Nf3 Ne4 30. Rxe4 fxe4 31. Ng5+ Kg8 32. Bxe4 Bc8 33. Bxg6 Kf8 34. Bxh7 Ke7 35. Bd3 Nf6 36. Kf2 Bd7 37. Kf3 Rh8 38. h7 Be8 39. Bf5 Bh5+ 40. Kg3 Be2 41. Ne4 1-0